<?xml version="1.0" encoding="UTF-8"?>
<record
    xmlns:xsi="http://www.w3.org/2001/XMLSchema-instance"
    xsi:schemaLocation="http://www.loc.gov/MARC21/slim http://www.loc.gov/standards/marcxml/schema/MARC21slim.xsd"
    xmlns="http://www.loc.gov/MARC21/slim">

  <leader>00498nam a22001457a 4500</leader>
  <datafield tag="082" ind1=" " ind2=" ">
    <subfield code="a">BESE-1 UZM</subfield>
  </datafield>
  <datafield tag="100" ind1=" " ind2=" ">
    <subfield code="a">Uzma Mir</subfield>
    <subfield code="9">92613</subfield>
  </datafield>
  <datafield tag="245" ind1=" " ind2=" ">
    <subfield code="a">Generic security services for light weight VOIP clients</subfield>
  </datafield>
  <datafield tag="260" ind1=" " ind2=" ">
    <subfield code="a">Islamabad</subfield>
    <subfield code="b">NUST-SEECS</subfield>
    <subfield code="c">2014</subfield>
  </datafield>
  <datafield tag="300" ind1=" " ind2=" ">
    <subfield code="a">57</subfield>
    <subfield code="b">25cm</subfield>
    <subfield code="e">CD ROM</subfield>
  </datafield>
  <datafield tag="500" ind1=" " ind2=" ">
    <subfield code="a">Supervisors: Dr. Abdul Ghafoor, Mr. Muhammad Qaisar Chaudhary</subfield>
  </datafield>
  <datafield tag="700" ind1=" " ind2=" ">
    <subfield code="a">Hijab Nazir, Muhammad Tahaa Suhail Maniar</subfield>
    <subfield code="9">92614</subfield>
  </datafield>
  <datafield tag="856" ind1=" " ind2=" ">
    <subfield code="u">http://10.250.8.41:8080/xmlui/handle/123456789/8378</subfield>
  </datafield>
  <datafield tag="942" ind1=" " ind2=" ">
    <subfield code="c">PR</subfield>
    <subfield code="2">ddc</subfield>
  </datafield>
  <datafield tag="999" ind1=" " ind2=" ">
    <subfield code="c">13057</subfield>
    <subfield code="d">13057</subfield>
  </datafield>
  <datafield tag="952" ind1=" " ind2=" ">
    <subfield code="0">2</subfield>
    <subfield code="1">0</subfield>
    <subfield code="2">ddc</subfield>
    <subfield code="4">0</subfield>
    <subfield code="7">0</subfield>
    <subfield code="a">CL</subfield>
    <subfield code="b">CL</subfield>
    <subfield code="c">GEN</subfield>
    <subfield code="d">2014-08-25</subfield>
    <subfield code="l">1</subfield>
    <subfield code="o">BESE-1 UZM</subfield>
    <subfield code="p">SEECSP01511</subfield>
    <subfield code="r">2015-01-19</subfield>
    <subfield code="s">2014-12-15</subfield>
    <subfield code="w">2014-10-26</subfield>
    <subfield code="y">PR</subfield>
  </datafield>
</record>
